| 000 | 00489nam a2200133Ia 4500 | ||
|---|---|---|---|
| 008 | 220621s9999||||xx |||||||||||||| ||und|| | ||
| 020 | _a9781800000000 | ||
| 100 | _aKrommendijk, Jasper | ||
| 245 | 0 | _aNational Courts and Preliminary References to the Court of Justice | |
| 546 | _aEnglish[eng] | ||
| 650 | _apreliminary ruling procedure||judicial dialogue||judicial decision making||European Court of Justice | ||
| 856 | _uhttps://www.elgaronline.com/view/9781800374164.xml | ||
| 942 | _cEB | ||
| 999 |
_c37778 _d37778 |
||